Superkondenzátory na báze grafénických materiálov
Gespeichert in:
| 1. Verfasser: | |
|---|---|
| Weitere Verfasser: | |
| Format: | Manuskript Buch |
| Sprache: | Slowakisch |
| Veröffentlicht: |
Bratislava :
STU v Bratislave FEI,
2024
|
| Schlagworte: | |
| Online-Zugang: | https://opac.crzp.sk/?fn=detailBiblioFormChildIFGMN&sid=9A7D98113A4E7D6F05A771A0EB46&seo=CRZP-detail-kniha |
| Tags: |
Keine Tags, Fügen Sie das erste Tag hinzu!
|
MARC
| LEADER | 00000ntm a22000003a 4500 | ||
|---|---|---|---|
| 001 | stuzp95289 | ||
| 003 | SK-STU | ||
| 005 | 20250422133815.1 | ||
| 007 | ta | ||
| 008 | 150427s2015----xo-----f-mn---000-0-slo-d | ||
| 040 | |a STU |b slo | ||
| 041 | 0 | |a slo | |
| 044 | |a xo | ||
| 100 | 1 | |a Urban, Martin |u 033000 |4 aut |U FEI Fakulta elektrotechniky a informatiky |T FEI Ústav elektroniky a fotoniky |X 104348 |U E030 |Y 549 |7 104348 | |
| 242 | 0 | 1 | |a Supercapacitors based on graphenic materials |y eng |
| 245 | 1 | 0 | |a Superkondenzátory na báze grafénických materiálov |
| 260 | |a Bratislava : |b STU v Bratislave FEI, |c 2024 | ||
| 300 | |a 88 s. | ||
| 650 | 4 | |a Laserom indukovaný grafén |2 slo | |
| 650 | 4 | |a Uskladnenie energie |2 slo | |
| 650 | 4 | |a Uhlíkové nanosteny |2 slo | |
| 650 | 4 | |a Grafén |2 slo | |
| 650 | 4 | |a Superkondenzátor |2 slo | |
| 650 | 4 | |a Supercapacitor |2 eng | |
| 650 | 4 | |a Laser induced graphene |2 eng | |
| 650 | 4 | |a Energy storage |2 eng | |
| 650 | 4 | |a Carbon nanowalls |2 eng | |
| 650 | 4 | |a Graphene |2 eng | |
| 700 | 1 | |a Marton, Marián |u 033000 |k Z2 |4 ths |U FEI Fakulta elektrotechniky a informatiky |T FEI Ústav elektroniky a fotoniky |X 2980 |U E030 |Y 549 |7 A000002980 | |
| 856 | 4 | |u https://opac.crzp.sk/?fn=detailBiblioFormChildIFGMN&sid=9A7D98113A4E7D6F05A771A0EB46&seo=CRZP-detail-kniha | |